000
00321nam a22001337a 4500
008
170801b xxu||||| |||| 00| 0 eng d
020
_a
9780262071550
041
_a
eng
080
_a
004
100
_a
32
101
_a
SHK
245
_a
THEORETICAL ASPECTS OF OBJECT- ORIENTED PROGRAMMING
_c
GUNTER,C.A
942
_2
udc
_c
BK
999
_c
22373
_d
22373